[Event "Australian Major op"]
[Site "Tuggeranong"]
[Date "2007.01.05"]
[Round "5"]
[White "Garcia, Mat"]
[Black "Hartley Holl, Clifford"]
[Result "1/2-1/2"]
[WhiteElo "1536"]
[BlackElo "1307"]
[PlyCount "78"]
[EventDate "2007.01.01"]
[EventType "swiss"]
[EventRounds "6"]
[EventCountry "AUS"]
[SourceTitle "EXT 2008"]
[Source "ChessBase"]
[SourceDate "2007.11.25"]
[SourceVersion "1"]
[SourceVersionDate "2007.11.25"]
[SourceQuality "1"]

1. d4 Nf6 2. c4 g6 3. Nc3 Bg7 4. e4 d6 5. Nf3 0-0 6. Be2 c5 7. d5 e5 8. Be3 Ng4 9. Bd2 f5 10. h3 Nf6 11. Bg5 f4 12. Qd3 Nbd7 13. 0-0-0 h6 14. Bxf6 Nxf6 15. g4 g5 16. Rdg1 a6 17. Nd2 Bd7 18. Kd1 b5 19. Ke1 b4 20. Nd1 a5 21. h4 Kf7 22. Nf3 Nxg4 23. Nxg5+ hxg5 24. Bxg4 Bxg4 25. Rxg4 gxh4 26. Rgxh4 Rh8 27. Qh3 Rxh4 28. Qxh4 Qxh4 29. Rxh4 Rh8 30. Rxh8 Bxh8 31. Kf1 a4 32. b3 a3 33. Kg2 Kg6 34. Kh3 Kh5 35. f3 Bg7 36. Nf2 Bf6 37. Ng4 Bg7 38. Nh2 Bf6 39. Ng4 Bg7 1/2-1/2

[Event "Australian Major op"]
[Site "Tuggeranong"]
[Date "2007.01.01"]
[Round "1"]
[White "Garcia, Mat"]
[Black "Press, Shaun"]
[Result "0-1"]
[WhiteElo "1536"]
[BlackElo "1758"]
[PlyCount "70"]
[EventDate "2007.01.01"]
[EventType "swiss"]
[EventRounds "6"]
[EventCountry "AUS"]
[SourceTitle "EXT 2008"]
[Source "ChessBase"]
[SourceDate "2007.11.25"]
[SourceVersion "1"]
[SourceVersionDate "2007.11.25"]
[SourceQuality "1"]

1. e4 e5 2. Nf3 Nc6 3. Bb5 f5 4. d4 fxe4 5. Bxc6 dxc6 6. Nxe5 Nf6 7. 0-0 Bd6 8. Bg5 c5 9. c3 Qe7 10. Nd2 cxd4 11. cxd4 Bf5 12. Qa4+ c6 13. Rae1 Bb4 14. Re2 Bxd2 15. Rxd2 0-0 16. Be3 Nd5 17. a3 Kh8 18. Rc1 a6 19. Qc2 Qh4 20. Qb3 Qe7 21. Qc2 Rac8 22. Qc5 Qe6 23. b4 Rce8 24. Qc4 Qf6 25. Qe2 Ne7 26. Qh5 Ng6 27. Nxg6+ Bxg6 28. Qg5 Qxg5 29. Bxg5 Rf5 30. Be3 Rd5 31. Rc5 Bf7 32. Rdc2 Ra8 33. Rxd5 Bxd5 34. Bd2 Kg8 35. Kf1 Rf8 0-1

[Event "WA State-ch"]
[Site "South Perth"]
[Date "2006.08.13"]
[Round "7"]
[White "Garcia, Mat"]
[Black "Laugery, Bernard"]
[Result "1-0"]
[WhiteElo "1480"]
[BlackElo "1264"]
[PlyCount "97"]
[EventDate "2006.07.02"]
[EventType "swiss"]
[EventRounds "9"]
[EventCountry "AUS"]
[SourceTitle "EXT 2008"]
[Source "ChessBase"]
[SourceDate "2007.11.25"]
[SourceVersion "1"]
[SourceVersionDate "2007.11.25"]
[SourceQuality "1"]

1. Nf3 Nf6 2. d4 d5 3. c4 dxc4 4. g3 e6 5. Bg2 Bb4+ 6. Bd2 Bxd2+ 7. Nbxd2 c6 8. 0-0 0-0 9. Nxc4 b5 10. Nce5 Bb7 11. Rc1 h6 12. Rc2 Qb6 13. e3 a5 14. Nd2 Ra6 15. Nb3 Qa7 16. Nc5 Rb6 17. Qd2 a4 18. a3 Qa8 19. Rfc1 Re8 20. Ned3 Rc8 21. Nb4 Nfd7 22. Ncd3 Rd8 23. Qe2 Rc8 24. Nc5 Re8 25. Bf3 Nf6 26. Qf1 Nd5 27. Bxd5 exd5 28. Ncd3 Nd7 29. Nc5 Nb8 30. Rc3 Rc8 31. Qd3 Rd8 32. Qc2 Rd6 33. Qf5 Rd8 34. Qf4 Rc8 35. Qd6 Na6 36. Nd7 Qa7 37. Nxb6 Qxb6 38. Nxd5 Rd8 39. Ne7+ Kh8 40. Qf4 Rf8 41. Ng6+ fxg6 42. Qxf8+ Kh7 43. Qd6 Qa7 44. e4 Qa8 45. Rf3 Qe8 46. e5 Kg8 47. e6 c5 48. d5 c4 49. e7 1-0

[Event "Perth Huntingdale Challengers"]
[Site "Perth"]
[Date "2006.05.24"]
[Round "4"]
[White "Holland, Dennis"]
[Black "Garcia, Mat"]
[Result "1-0"]
[WhiteElo "1766"]
[BlackElo "1489"]
[PlyCount "73"]
[EventDate "2006.04.26"]
[EventType "tourn"]
[EventRounds "6"]
[EventCountry "AUS"]
[SourceTitle "EXT 2010"]
[Source "ChessBase"]
[SourceDate "2010.11.25"]
[SourceVersion "1"]
[SourceVersionDate "2010.11.25"]
[SourceQuality "1"]

1. e4 e5 2. Bc4 Nf6 3. d3 Be7 4. Nf3 d6 5. c3 0-0 6. Nbd2 Nc6 7. 0-0 Bg4 8. Re1 Na5 9. b4 Nxc4 10. Nxc4 Re8 11. Ne3 Bh5 12. a4 d5 13. Qc2 Bxf3 14. gxf3 c5 15. Qb3 d4 16. Nf5 cxb4 17. Nxe7+ Qxe7 18. cxd4 a5 19. d5 Rac8 20. Bd2 Rc7 21. Rac1 Rec8 22. Rc4 Qd6 23. Rec1 Nd7 24. Be3 Nc5 25. Bxc5 Rxc5 26. d4 Rxc4 27. Rxc4 Rxc4 28. Qxc4 h6 29. dxe5 Qxe5 30. Kf1 Qa1+ 31. Ke2 Qxa4 32. Qc8+ Kh7 33. Qf5+ Kg8 34. Qc8+ Kh7 35. d6 Qb5+ 36. Kd2 b3 37. Qf5+ 1-0

[Event "Perth Kingsley op"]
[Site "Perth"]
[Date "2006.03.26"]
[Round "4"]
[White "Laugery, Bernard"]
[Black "Garcia, Mat"]
[Result "0-1"]
[WhiteElo "1224"]
[BlackElo "1489"]
[PlyCount "146"]
[EventDate "2006.03.25"]
[EventType "swiss"]
[EventRounds "6"]
[EventCountry "AUS"]
[SourceTitle "EXT 2010"]
[Source "ChessBase"]
[SourceDate "2010.11.25"]
[SourceVersion "1"]
[SourceVersionDate "2010.11.25"]
[SourceQuality "1"]

1. e4 c5 2. Nf3 d6 3. d4 cxd4 4. Nxd4 Nf6 5. Nc3 g6 6. Be2 Bg7 7. 0-0 Bd7 8. Be3 0-0 9. Qd2 Nc6 10. Rad1 Rc8 11. Qc1 Ng4 12. Bxg4 Bxg4 13. f3 Bd7 14. Nxc6 Bxc6 15. Nd5 Bxd5 16. Rxd5 Qc7 17. c3 Qc4 18. Ra5 a6 19. Ra3 Rc6 20. Bh6 Rfc8 21. Bxg7 Kxg7 22. Qd1 Qc5+ 23. Kh1 b5 24. b4 Qe5 25. Qd4 Qxd4 26. cxd4 Rc4 27. d5 Rxb4 28. Rxa6 Rb2 29. Ra7 Kf6 30. Rb7 Rcc2 31. Rg1 h5 32. h3 Rf2 33. Rb6 g5 34. Rb8 g4 35. fxg4 hxg4 36. h4 g3 37. Rg8 Rf4 38. Rxg3 Rxh4+ 39. Rh3 Rxh3+ 40. gxh3 Rxa2 41. h4 Rf2 42. h5 Rf4 43. Rb1 Rh4+ 44. Kg2 Rxh5 45. Rxb5 e6 46. Rb6 Ke5 47. dxe6 Kxe6 48. Kf3 Rh1 49. Rb8 Ke5 50. Re8+ Kd4 51. Kf2 Rh3 52. Rd8 Rh6 53. Rd7 Rf6+ 54. Ke2 Kxe4 55. Re7+ Kd4 56. Kd2 Rf2+ 57. Ke1 Rf4 58. Kd2 d5 59. Ra7 f5 60. Ra4+ Ke5 61. Ra8 Re4 62. Kd3 Kf4 63. Ra5 Re1 64. Kd2 Re5 65. Kd3 Kg3 66. Kd4 Re8 67. Rxd5 f4 68. Rg5+ Kf2 69. Rf5 f3 70. Kd3 Kg2 71. Rg5+ Kf1 72. Rf5 f2 73. Rh5 Ke1 0-1

[Event "Perth Respini-C"]
[Site "Perth"]
[Date "2005.11.17"]
[Round "8"]
[White "Garcia, Mat"]
[Black "Taylor, K."]
[Result "1/2-1/2"]
[WhiteElo "1497"]
[BlackElo "1529"]
[PlyCount "75"]
[EventDate "2005.09.01"]
[EventType "tourn"]
[EventRounds "9"]
[EventCountry "AUS"]
[SourceTitle "EXT 2010"]
[Source "ChessBase"]
[SourceDate "2010.11.25"]
[SourceVersion "1"]
[SourceVersionDate "2010.11.25"]
[SourceQuality "1"]

1. d4 Nf6 2. Nf3 e6 3. c4 b6 4. g3 Bb7 5. Bg2 Be7 6. 0-0 0-0 7. d5 exd5 8. Nh4 c6 9. cxd5 Nxd5 10. Nf5 Bc5 11. e4 Nf6 12. e5 Nd5 13. Qg4 g6 14. Nh6+ Kh8 15. b3 Be7 16. Bb2 f6 17. Nd2 fxe5 18. Bxe5+ Bf6 19. Bxf6+ Nxf6 20. Qh4 d5 21. Nf3 Qc7 22. Ng5 Bc8 23. Rae1 Na6 24. Re5 Nc5 25. Rfe1 Nce4 26. f4 b5 27. Nxe4 Nxe4 28. Bxe4 dxe4 29. R1xe4 Qd7 30. Re7 Qd1+ 31. Re1 Qd4+ 32. Kf1 Qd3+ 33. R7e2 Bd7 34. Kg1 Qd4+ 35. Kf1 Qd3 36. Kg1 Qd4+ 37. Kf1 Qd3 38. Kg1 1/2-1/2

[Event "West Australia-ch"]
[Site "South Perth"]
[Date "2005.08.28"]
[Round "9"]
[White "Bailye, Ron"]
[Black "Garcia, Mat"]
[Result "0-1"]
[WhiteElo "1223"]
[BlackElo "1454"]
[PlyCount "116"]
[EventDate "2005.07.03"]
[EventType "swiss"]
[EventRounds "9"]
[EventCountry "AUS"]
[SourceTitle "EXT 2009"]
[Source "ChessBase"]
[SourceDate "2008.11.26"]
[SourceVersion "1"]
[SourceVersionDate "2008.11.26"]
[SourceQuality "1"]

1. e4 c6 2. Nf3 d5 3. exd5 cxd5 4. d4 Bf5 5. c3 Nf6 6. Bd3 Bg6 7. 0-0 e6 8. Bg5 Bd6 9. Re1 Qc7 10. Bxg6 hxg6 11. g3 Nbd7 12. Na3 a6 13. Rc1 b5 14. Kg2 0-0-0 15. b4 Rh5 16. Nb1 Rdh8 17. Rh1 Ne4 18. Be3 g5 19. Qe1 g4 20. Ne5 Nxe5 21. dxe5 Bxe5 22. Nd2 Nd6 23. Bd4 Nc4 24. Nxc4 dxc4 25. Qe3 Qc6+ 26. f3 Qxf3+ 27. Qxf3 gxf3+ 28. Kxf3 Bxd4 29. cxd4 Rxh2 30. Rxh2 Rxh2 31. a3 Kc7 32. Rc3 Kb6 33. Kf4 a5 34. Ke5 axb4 35. axb4 Kc6 36. Rf3 Rh5+ 37. Ke4 f6 38. g4 f5+ 39. gxf5 Rxf5 40. Ra3 Kb6 41. Rc3 Rf1 42. Ke5 Rb1 43. Kxe6 Rxb4 44. d5 Rb3 45. Rc2 Rd3 46. Rg2 Kc5 47. Rxg7 Rxd5 48. Rc7+ Kd4 49. Kf6 c3 50. Ke6 Rc5 51. Rd7+ Kc4 52. Rd1 c2 53. Re1 b4 54. Kd6 Rc8 55. Rc1 b3 56. Kd7 Kc3 57. Kxc8 b2 58. Rxc2+ Kxc2 0-1

[Event "West Australia-ch"]
[Site "South Perth"]
[Date "2005.07.31"]
[Round "5"]
[White "Garcia, Mat"]
[Black "Rados, Petar"]
[Result "1/2-1/2"]
[WhiteElo "1454"]
[BlackElo "1723"]
[PlyCount "140"]
[EventDate "2005.07.03"]
[EventType "swiss"]
[EventRounds "9"]
[EventCountry "AUS"]
[SourceTitle "EXT 2009"]
[Source "ChessBase"]
[SourceDate "2008.11.26"]
[SourceVersion "1"]
[SourceVersionDate "2008.11.26"]
[SourceQuality "1"]

1. d4 e6 2. c4 d5 3. g3 Nf6 4. Bg2 c6 5. Nf3 Nbd7 6. 0-0 dxc4 7. Nbd2 b5 8. a4 Qb6 9. Qc2 Bb7 10. b3 cxb3 11. Nxb3 a5 12. Be3 Nd5 13. Rfc1 b4 14. Ng5 h6 15. Ne4 Be7 16. Bd2 0-0 17. Nec5 Nxc5 18. Nxc5 Bxc5 19. dxc5 Qc7 20. e4 Nf6 21. Bf4 e5 22. Bd2 Rad8 23. f4 Ba6 24. Qb2 Rfe8 25. fxe5 Qxe5 26. Qxe5 Rxe5 27. Bf4 Re6 28. Bc7 Ra8 29. Bxa5 b3 30. Rab1 Rb8 31. Bb6 Nxe4 32. Rxb3 Nd2 33. Rb4 Rbe8 34. h4 Be2 35. Rc2 Nf3+ 36. Bxf3 Bxf3 37. Bc7 Re2 38. Rxe2 Rxe2 39. Rb8+ Kh7 40. a5 Ra2 41. Ra8 Be2 42. Bb6 Bc4 43. Rc8 Bd5 44. Rd8 Bc4 45. Rc8 Bb5 46. Re8 Kg6 47. Re3 Rb2 48. Ra3 Ba6 49. Rf3 f5 50. Rf2 Rb1+ 51. Kg2 Bd3 52. Ra2 Ba6 53. Rf2 h5 54. Rd2 Bb5 55. Ra2 Ba6 56. Rd2 f4 57. gxf4 Kf5 58. Kf3 Rb3+ 59. Kf2 Kxf4 60. Bc7+ Kf5 61. Rd4 g5 62. hxg5 Kxg5 63. Bd8+ Kf5 64. Bc7 Rb2+ 65. Kg3 Bb5 66. Kh4 Rb3 67. Rf4+ Kg6 68. Be5 Be2 69. Rf6+ Kh7 70. Rxc6 Ra3 1/2-1/2

[Event "West Australia-ch"]
[Site "South Perth"]
[Date "2005.07.24"]
[Round "4"]
[White "Taylor, Paul"]
[Black "Garcia, Mat"]
[Result "0-1"]
[WhiteElo "1100"]
[BlackElo "1454"]
[PlyCount "106"]
[EventDate "2005.07.03"]
[EventType "swiss"]
[EventRounds "9"]
[EventCountry "AUS"]
[SourceTitle "EXT 2009"]
[Source "ChessBase"]
[SourceDate "2008.11.26"]
[SourceVersion "1"]
[SourceVersionDate "2008.11.26"]
[SourceQuality "1"]

1. e4 c6 2. Nf3 d5 3. exd5 cxd5 4. d4 Bf5 5. Bb5+ Nd7 6. Bf4 a6 7. Ba4 b5 8. Bb3 e6 9. c3 Ngf6 10. Nbd2 Nb6 11. 0-0 Bd6 12. Be5 Nc4 13. Nxc4 dxc4 14. Bc2 Bg4 15. h3 Bxe5 16. dxe5 Qxd1 17. Raxd1 Bxf3 18. gxf3 Nd5 19. Be4 0-0-0 20. Bxd5 Rxd5 21. Rxd5 exd5 22. f4 Kd7 23. Rd1 Ke6 24. Kg2 a5 25. b3 Rb8 26. Kf3 b4 27. bxc4 dxc4 28. Rd6+ Ke7 29. cxb4 Rxb4 30. Rc6 Kd7 31. Rc5 Ra4 32. f5 Ra3+ 33. Ke4 c3 34. Kd3 Rxa2 35. Kxc3 Rxf2 36. Rxa5 Rxf5 37. Kd4 Rf3 38. Kd5 Rd3+ 39. Ke4 Rxh3 40. Kd5 Rd3+ 41. Ke4 Rd1 42. Ra7+ Ke8 43. Kf5 g6+ 44. Kf6 Rf1+ 45. Kg7 h5 46. Ra8+ Ke7 47. Ra7+ Ke6 48. Ra5 h4 49. Ra4 h3 50. Rh4 Rh1 51. Rh6 h2 52. Rh3 Kxe5 53. Kxf7 Rf1+ 0-1

[Event "IECC KO-5042"]
[Site "IECC email"]
[Date "2004.03.16"]
[Round "?"]
[White "Garcia, Mat"]
[Black "Jordaan, Wayne"]
[Result "0-1"]
[WhiteElo "1280"]
[BlackElo "1697"]
[PlyCount "42"]
[EventDate "2004.??.??"]
[EventType "match (corr)"]
[EventRounds "2"]
[SourceTitle "Corr 2020"]
[Source "ChessBase"]
[SourceDate "2019.09.30"]
[SourceVersion "1"]
[SourceVersionDate "2019.09.30"]
[SourceQuality "1"]
[WhiteTeam "Australia"]
[BlackTeam "South Africa"]
[WhiteTeamCountry "AUS"]
[BlackTeamCountry "RSA"]

1. e4 c6 2. d4 d5 3. Nd2 dxe4 4. Nxe4 Nd7 5. Nf3 Ngf6 6. Nxf6+ Nxf6 7. Bc4 Bf5 8. 0-0 e6 9. c3 Bd6 10. Bg5 h6 11. Bh4 Qc7 12. Re1 Bg4 13. h3 Bh5 14. Qd3 0-0-0 15. Ne5 b5 16. Bb3 Bxe5 17. Rxe5 Qxe5 18. dxe5 Rxd3 19. exf6 g5 20. Bg3 Rd2 21. Re1 a5 0-1

[Event "IECC CL6-2003.30 email"]
[Site "IECC email"]
[Date "2003.12.26"]
[Round "?"]
[White "Garcia, Mat"]
[Black "Popp, Tony"]
[Result "0-1"]
[WhiteElo "1357"]
[BlackElo "1321"]
[PlyCount "30"]
[EventDate "2003.??.??"]
[EventType "tourn (corr)"]
[EventRounds "4"]
[SourceTitle "Corr 2008"]
[Source "ChessBase"]
[SourceDate "2008.06.24"]
[SourceVersion "1"]
[SourceVersionDate "2008.06.24"]
[SourceQuality "1"]

1. e4 e5 2. Nf3 Nf6 3. Nxe5 d6 4. Nf3 Nxe4 5. d4 d5 6. Bd3 Bg4 7. 0-0 Bd6 8. Re1 f5 9. c4 0-0 10. Nc3 Bxh2+ 11. Kxh2 Nxf2 12. Qc2 Nxd3 13. Qxd3 Bxf3 14. Qxf3 Qh4+ 15. Kg1 Qxe1+ 0-1

[Event "IECC KO email"]
[Site "IECC email"]
[Date "2003.09.03"]
[Round "?"]
[White "Garcia, Mat"]
[Black "Jensen, Jeff"]
[Result "0-1"]
[WhiteElo "1378"]
[BlackElo "1502"]
[PlyCount "36"]
[EventDate "2003.??.??"]
[EventType "tourn (corr)"]
[EventRounds "6"]
[SourceTitle "Corr 2008"]
[Source "ChessBase"]
[SourceDate "2008.06.24"]
[SourceVersion "1"]
[SourceVersionDate "2008.06.24"]
[SourceQuality "1"]

1. e4 c6 2. d4 d5 3. f3 e6 4. Ne2 Nd7 5. Ng3 Be7 6. Bd3 Bh4 7. 0-0 Qb6 8. c3 Bxg3 9. hxg3 Ngf6 10. e5 Nxe5 11. Bc2 0-0 12. Kh2 Ng6 13. f4 Bd7 14. b4 a5 15. g4 axb4 16. f5 Qc7+ 17. g3 b3 18. Bd3 Rxa2+ 0-1